Vision, brain, and cooperative computation
Saved in:
| Corporate Authors: | , |
|---|---|
| Other Authors: | , |
| Format: | Conference Proceeding Book |
| Language: | English |
| Published: |
Cambridge, Mass. :
The MIT Press,
1990.
|
| Series: | Computational models of cognition and perception
|
| Subjects: | |
| Tags: |
Add Tag
No Tags, Be the first to tag this record!
|
MARC
| LEADER | 00000cam a2200000 i 4500 | ||
|---|---|---|---|
| 001 | 1/49196 | ||
| 008 | 950823s1990 mau ||| | eng|| | ||
| 020 | |a 0262510499 | ||
| 035 | |a 1995 |c ΔΑΡΖΕΝΤΑΣ |l 10043543 | ||
| 040 | |a GR-MyUA |b gre |e AACR2 | ||
| 041 | 0 | |a eng | |
| 082 | 0 | |a 629.892637 | |
| 245 | 1 | 0 | |a Vision, brain, and cooperative computation / |c edited by Michael A. Arbib and Allen R. Hanson. |
| 260 | |a Cambridge, Mass. : |b The MIT Press, |c 1990. | ||
| 300 | |a xi, 730 σ. : |b εικ. ; |c 23 εκ. | ||
| 490 | 1 | |a (Computational models of cognition and perception) | |
| 500 | |a Based in part of papers presented at the Vision, Brain, and Cooperative Computation Workshop, held at the University of Massa chusetts at Amherst in May 1983 and supported in part by the Alfred P. Sloan Foundation and the National Institutes of Health. | ||
| 500 | |a "A Bradford book" | ||
| 504 | |a Περιέχει βιβλιογραφικές παραπομπές και ευρετήριο. | ||
| 650 | 0 | 0 | |a Vision |x Congresses. |
| 650 | 0 | 0 | |a Computer vision |x Congresses. |
| 650 | 0 | 0 | |a Artificial intelligence |x Congresses. |
| 650 | 0 | 0 | |a Psychophysics |x Congresses. |
| 650 | 0 | 0 | |a Neural networks (Computer science) |x Congresses. |
| 700 | 1 | |a Arbib, Michael A. |e edt | |
| 700 | 1 | |a Hanson, Allen R., |d 1942- |e edt | |
| 710 | 2 | |a National Institutes of Health (U.S.) | |
| 711 | 2 | |a Vision, Brain, and Cooperative Computation Workshop |d (1983 : |e University of Massachusetts at Amherst) | |
| 830 | 0 | |a Computational models of cognition and perception | |
| 852 | |a INST |b SAMOS |e 19950823 |h 629.892637 VIS |p 005300005073 |q 005300005073 |t BK |y 0 | ||
| 909 | |a Σ |b 041058 | ||